Loading...
| Science - Biology | 0 | 7 | 0 | 0 | 70 | 58 | 67.71 | 3 | 6 | 24.61 | 50.00 |
| Fine Arts - Other | 0 | 2 | 0 | 1 | 20 | 76 | 95.00 | 0 | 1 | 3.33 | 6.00 |
| Fine Arts - Painting and Sculpture | 0 | 2 | 0 | 0 | 20 | 114 | 118.50 | 0 | 1 | 0.09 | 8.00 |
| Science - Physics | 0 | 2 | 0 | 0 | 20 | 65 | 75.00 | 0 | 0 | 6.11 | 8.00 |
| Science - Chemistry | 0 | 2 | 0 | 0 | 20 | 64 | 71.50 | 1 | 2 | 6.12 | 16.00 |
| History - Other | 0 | 2 | 0 | 1 | 20 | 66 | 90.50 | 1 | 1 | 3.55 | 12.00 |
| Social Science | 0 | 2 | 2 | 0 | 10 | 56 | 64.00 | 1 | 1 | 9.21 | 15.00 |
| Literature - European | 0 | 1 | 0 | 0 | 10 | 111 | 111.00 | 0 | 1 | 0.00 | 6.00 |
| Literature - World | 0 | 1 | 0 | 0 | 10 | 119 | 119.00 | 0 | 0 | 0.00 | 2.00 |
| Religion | 0 | 1 | 0 | 0 | 10 | 66 | 66.00 | 0 | 0 | 4.55 | 4.00 |
| Science - Other | 0 | 1 | 0 | 1 | 10 | 108 | 108.00 | 0 | 1 | 0.00 | 2.00 |
| History - European | 0 | 1 | 1 | 0 | 5 | 79 | 79.00 | 0 | 1 | 1.62 | 3.16 |
| Literature - British | 0 | 0 | 0 | 0 | 0 | 0.00 | 0 | 0 | 0.00 | 0.00 | |
| History - World | 0 | 0 | 1 | 0 | -5 | 0.00 | 0 | 0 | 0.00 | 0.00 | |
| Fine Arts - Classical Music | 0 | 0 | 1 | 0 | -5 | 0.00 | 0 | 0 | 0.00 | 0.00 | |
| Geography | 0 | 0 | 2 | 0 | -10 | 0.00 | 0 | 0 | 0.00 | 0.00 |